01883cam a22004574i 4500003000900000005001700009008004100026020001500067035002700082040003300109049000900142082002200151100002800173245005000201264006500251300005100316336002100367337002500388338002300413505020700436526001000643526001000653526001000663526001000673526000800683526000800691526000800699526000800707526000800715526000800723526000800731600006900739650005000808942001400858949013900872994001401011596000601025999016601031980005501197952017301252PE-LiUPU20250731173259.0150625s r 000 0 d a0816320578 a(Sirsi) i9780816320578 aPE-LiUPUbspacPE-LiUPUerda aPRUA04a286.7092bB812211 aBrand, Leonard,eautor.14aThe prophet and her critics /cLeonard Brand. 1aNampa, Idaho :bPacific Press Publishing Association,c2005. a127 :bilustraciones, foto, gráfs ;c23 cm. atext2rdacontent aunmediated2rdamedia avolume2rdacarrier0 aReasons for a New Response. -The White Lie, by Walte Rea. -A Failed Prophecy?. -Prophetess of Health, by Ronald Numbers. -The Test. -Ellen G. white and Principles of Sexual Relationships. -Conclusiones. aSEG42 aSEG41 aSEG40 aSEG39 aP94 aP87 aP86 aP85 aP77 aP76 aP351 aWhite, Elena G. de.d1827-1915xCrítica interpretación, etc.04aIASDxTrabajos doctrinales y controversiales. 2ddccBOOK a286.7092 B81wDEWEYc1i53981lCCODEBUL1mBULp115.00r0sYtBOOKu2015-6-25xBIBLIOTECAzUNKNOWN0COMPRAo.STAFF. Colección General aC0bPEPRU a1 a286.7092 B81wDEWEYc44057i53981d44057f2021-11-11g6lCCODEBUL1mBULp115.00q1r0sYtBOOKu2015-6-25xTEOLOGIAzUNKNOWN0COMPRAo.STAFF. Colección General 81gALBERTO SANCHEZ Responsable de Automatización r2025-12-02 00:00:00i7l0o286.7092 B81p53981te1v120.00w2015-06-25xFTyBKzinventario-2023-12-13102ddc50708GENfP35aBULbBULcGENd2015-06-25eCOMPRAg115.00